Proceedings of the East Central European Economic Roundtable Conference IV. Dynamic Effects of Economic Integration RBMP '95, Bled, September 25-27, 1995
Gespeichert in:
| Weitere Verfasser: | , |
|---|---|
| Format: | Buch |
| Sprache: | Englisch |
| Veröffentlicht: |
Ljubljana
Center for Foreign Trade
1995
|
| Ausgabe: | 1. ed. |
| Schriftenreihe: | Transformation in Progress
Vol.4 |
| Schlagworte: | |
| Tags: |
Keine Tags, Fügen Sie das erste Tag hinzu!
|
MARC
| LEADER | 00000nam a2200000 4500 | ||
|---|---|---|---|
| 001 | c012627 | ||
| 005 | 20221214072727.2 | ||
| 020 | |a 961-90282-0-1 | ||
| 041 | 0 | |a eng | |
| 044 | |a SI | ||
| 245 | 1 | 0 | |a Proceedings of the East Central European Economic Roundtable Conference IV. Dynamic Effects of Economic Integration |b RBMP '95, Bled, September 25-27, 1995 |c Edit. Simona Bovha, Branko Bučar |
| 250 | |a 1. ed. | ||
| 264 | 1 | |a Ljubljana |b Center for Foreign Trade |c 1995 | |
| 300 | |a 341 s. | ||
| 490 | 1 | |a Transformation in Progress |v Vol.4 | |
| 830 | 0 | |a Transformation in Progress |v Vol.4 | |
| 610 | 2 | 0 | |a integrácia ekonomická medzinárodná |
| 610 | 2 | 0 | |a transformácia |
| 610 | 2 | 0 | |a spolupráca hospodárska medzinárodná |
| 610 | 2 | 0 | |a Európa |
| 700 | 1 | |a Bovha, Simona | |
| 700 | 1 | |a Bučar, Branko | |